ბათუმის შოთა რუსთაველის სახელმწიფო უნივერსიტეტის ბიბლიოთეკა

ეპოქის ავტორი (ბიბ.ჩანაწერი № 50281)

000 -LEADER
fixed length control field 00631nam a2200217Ia 4500
001 - CONTROL NUMBER
control field 17220
003 - CONTROL NUMBER IDENTIFIER
control field GE_BSU
008 - FIXED-LENGTH DATA ELEMENTS--GENERAL INFORMATION
fixed length control field 181216s||||||||xx |||||||||||||| ||und||
040 ## - CATALOGING SOURCE
Transcribing agency GE_BSU
080 ## - UNIVERSAL DECIMAL CLASSIFICATION NUMBER
Universal Decimal Classification number 821.353.1-11
100 ## - MAIN ENTRY--PERSONAL NAME
Personal name ეული, სანდრო (ქურიძე)
245 ## - TITLE STATEMENT
Title ეპოქის ავტორი
245 ## - TITLE STATEMENT
Statement of responsibility, etc. რედ. ი. აბაშიძე
260 ## - PUBLICATION, DISTRIBUTION, ETC.
Place of publication, distribution, etc. თბილისი
260 ## - PUBLICATION, DISTRIBUTION, ETC.
Name of publisher, distributor, etc. ფედერაცია
260 ## - PUBLICATION, DISTRIBUTION, ETC.
Date of publication, distribution, etc. 1941
300 ## - PHYSICAL DESCRIPTION
Extent 57 გვ.18სმ.
653 ## - INDEX TERM--UNCONTROLLED
Uncontrolled term ეპოქის ავტორი
653 ## - INDEX TERM--UNCONTROLLED
Uncontrolled term სტალინი ი.;
942 ## - ADDED ENTRY ELEMENTS (KOHA)
Koha item type წიგნი
ეგზემპლარები
Withdrawn status Lost status Damaged status Not for loan Date acquired Barcode Date last seen Price effective from Koha item type
        2018-12-17 22021 2018-12-17 2018-12-17 წიგნი